| 000 | 00614nam a22002057a 4500 | ||
|---|---|---|---|
| 999 |
_c8740 _d8740 |
||
| 003 | GBCCL | ||
| 005 | 20241126110657.0 | ||
| 008 | 210922b ||||| |||| 00| 0 eng d | ||
| 020 | _a9788193259740 | ||
| 040 | _cGBC | ||
| 082 |
_a275.4 _bHRA |
||
| 100 |
_aHrangkhuma, F _91641 |
||
| 245 |
_aHistory of Christianity in india: _ban introduction |
||
| 260 |
_aBangalore: _bTheological book trust, _c2018. |
||
| 300 | _a309p.; | ||
| 650 |
_aChurch history _vHistoriography _915415 |
||
| 650 |
_aMissions _zIndia _y21st century _915413 |
||
| 650 |
_aIndia _vChurch history _y21st century _915416 |
||
| 942 |
_2ddc _cBK _014 |
||